Countries that beat Turkey - Statistics

General Stats
  • This quiz has been taken 51 times
  • The average score is 9 of 16
Answer Stats
Rank Category Countries % Correct
8 More muslims Indonesia | Pakistan | India | Bangladesh |Nigeria | Egypt | Iran
95%
4 Largest country in two continents Russia | Denmark | Egypt
83%
3 Most kebab consumption per capita Germany | Iran
78%
2 Closest to Lebanon (without bordering it) Jordan
76%
4 Most populous country entirely north ofTropic of Cancer Pakistan | Russia | Japan
73%
9 Biggest empires after 1500 A.D United Kingdom | Russia | China | Spain |France | Brazil | Japan | Portugal
66%
3 Most % of red in the flag Morocco | China
63%
2 Biggest country starting with "T" Tanzania
63%
2 Largest coastline at the black sea Ukraine
61%
2 Most populous country inthe Middle East Egypt
59%
2 Westernmost asian country Russia
54%
2 Oldest operational underground United Kingdom
39%
3 Highest mountain in the Middle East Lebanon | Yemen
37%
4 Most populous urban area starting with "A" India | Egypt | Ivory Coast
34%
2 Least % of its land in Europe Denmark
29%
2 Northernmost country with a moon and a star in its flag Uzbekistan
29%
No matching quizzes found
Score Distribution
Percent of People with Each Score
Percentile by Number Answered
Your Score History
You have not taken this quiz